000 00723nam a2200217 4500
999 _c165197
_d165197
005 20230724150314.0
010 _aENG-125521 ENG-137341
020 _a9789353162597
_c795.00
035 _aEN-109053 EN-120873
037 _bDBAD/PUB
082 _a339
100 _aDorngusch, Rudiger
245 _aMacroeconomics/
_cby Rudiger Dornbusch, Stanley Fischer [and] Richard Startz
260 _aChennai
_bMc Graw Hill Education
_c2014
270 _a444/1, Sri Ekambara Naickr, Industrial Estate
_bAlapakkam Porur, Chennai
_e600116
_k18001035875
300 _a652p.
_c24cm(pbk)
500 _aIncludes index
700 _aFischer, Stanley
700 _aStartz, Richard
942 _2ddc
_cEN
_h339
_mDOR